000 00697nam a2200229Ii 4500
003 JO-AjNU
008 230605s9999||||xx |||||||||||||| ||und||
017 _a2014/1/452
020 _a9957-71-399-7
040 _aJO-AjNU
_bara
_erda
_cJO-AjNU
041 _aara
050 1 4 _aPJ7832 2014
100 3 _aتأليف أيوب، نصر,
_eauthor
_947572
245 0 0 _aحكم القدر
250 _aط1
264 3 1 _aعمان:دائرة المكتبة الوطنية،2014
300 _a127ص
336 _atext
_btxt
_2rdacontent
337 _aunmediated
_bn
_2rdamedia
338 _avolume
_bnc
_2rdacarrier
650 4 _aالشعر العربي -العصر الحديث - الأردن
_947573
999 _aA20776
_c24344
_d24344